000 00753nam a2200277Ia 4500
003 OSt
005 20220912150904.0
006 a|||||r|||| 00| 0
007 ta
008 220909b |||||||| |||| 00| 0 eng d
024 _a58646
037 _cTextual
040 _aCSL
_beng
_cCSL
041 _aeng
082 _aE1:(C4:7), M2
100 _aDasent W E
245 0 _aInorganic energetics:An introduction
250 _a2
260 _aCambridge
_bCambridge University Press
_c1982
300 _axi,185p.
_ccm.
490 _aCambridge Texts in Chemistry and Biochemistry
500 _aBibliography 178-179p
650 _aInorganic chemistry
942 _hE1:(C4:7), M2
_cTEXL
_2CC
999 _c56898
_d56898